[Event "Titled Tuesday 2024.10.08 Late"]
[Site "chess.com INT"]
[Date "2024.10.08"]
[Round "3"]
[White "Keleberda, Tymur"]
[Black "Rushbrooke, Remy"]
[Result "1-0"]
[WhiteElo "2269"]
[BlackElo "2074"]
[WhiteFideId "-1"]
[BlackFideId "-1"]
[PlyCount "43"]
[GameId "2129405224846593"]
[EventDate "2024.10.08"]
[EventType "swiss (blitz)"]
[EventRounds "11"]
[EventCountry "NET"]
[SourceTitle "The Week in Chess 1562"]
[Source "Mark Crowther"]
[SourceDate "2024.10.14"]
[SourceVersion "1"]
[SourceVersionDate "2024.10.14"]
[SourceQuality "2"]

1. Nf3 g6 2. d4 Bg7 3. c4 d6 4. Nc3 e5 5. g3 exd4 6. Nxd4 Nc6 7. Nxc6 bxc6 8. Bg2 Ne7 9. O-O O-O 10. Qd3 Bf5 11. e4 Be6 12. Bg5 h6 13. Be3 Qd7 14. Bd4 Bh3 15. Bxg7 Kxg7 16. Rad1 Bxg2 17. Kxg2 f5 18. e5 Rad8 19. Rfe1 d5 20. e6 Qd6 21. Qd4+ Kh7 22. c5 1-0

[Event "Titled Tuesday 2024.10.08 Late"]
[Site "chess.com INT"]
[Date "2024.10.08"]
[Round "4"]
[White "Glek, Igor"]
[Black "Keleberda, Tymur"]
[Result "1-0"]
[WhiteElo "2410"]
[BlackElo "2269"]
[WhiteFideId "-1"]
[BlackFideId "-1"]
[PlyCount "53"]
[GameId "2129405224846889"]
[EventDate "2024.10.08"]
[EventType "swiss (blitz)"]
[EventRounds "11"]
[EventCountry "NET"]
[SourceTitle "The Week in Chess 1562"]
[Source "Mark Crowther"]
[SourceDate "2024.10.14"]
[SourceVersion "1"]
[SourceVersionDate "2024.10.14"]
[SourceQuality "2"]

1. e4 a6 2. d4 e6 3. Nf3 d5 4. Nbd2 c5 5. dxc5 Bxc5 6. Bd3 Nf6 7. O-O Nc6 8. a3 O-O 9. b4 Be7 10. Bb2 Qc7 11. c4 dxe4 12. Nxe4 Rd8 13. Qe2 e5 14. Rad1 Nd4 15. Nxd4 exd4 16. Bb1 Be6 17. c5 Qe5 18. f4 Qc7 19. Bxd4 Nxe4 20. Qxe4 g6 21. f5 Bb3 22. fxg6 hxg6 23. Rd3 Bd5 24. Qe3 Bc4 25. Be5 Rxd3 26. Bxd3 Bxc5 27. bxc5 1-0

[Event "Titled Tuesday 2024.10.08 Late"]
[Site "chess.com INT"]
[Date "2024.10.08"]
[Round "5"]
[White "Keleberda, Tymur"]
[Black "Gomez Barrera, Javiera Belen"]
[Result "1-0"]
[WhiteElo "2269"]
[BlackElo "2161"]
[WhiteFideId "-1"]
[BlackFideId "-1"]
[PlyCount "73"]
[GameId "2129405224847107"]
[EventDate "2024.10.08"]
[EventType "swiss (blitz)"]
[EventRounds "11"]
[EventCountry "NET"]
[SourceTitle "The Week in Chess 1562"]
[Source "Mark Crowther"]
[SourceDate "2024.10.14"]
[SourceVersion "1"]
[SourceVersionDate "2024.10.14"]
[SourceQuality "2"]

1. a3 Nf6 2. b4 a5 3. Bb2 e6 4. b5 d5 5. e3 a4 6. Nf3 c5 7. bxc6 bxc6 8. c4 Be7 9. Nc3 Qa5 10. Be2 Nbd7 11. O-O Nc5 12. Rb1 Ba6 13. Ne5 Rc8 14. d4 Nb3 15. c5 Bxe2 16. Qxe2 O-O 17. Rfd1 Rc7 18. Na2 Nd7 19. Bc3 Qa8 20. Nd3 Bf6 21. f4 g6 22. Nac1 Ndxc5 23. Nxc5 Nxc5 24. Bb4 Ne4 25. Bxf8 Nc3 26. Qd3 Nxb1 27. Bb4 c5 28. dxc5 Qb7 29. Ne2 Nxa3 30. Bxa3 Qc6 31. Rb1 Rb7 32. Rxb7 Qxb7 33. Nd4 Be7 34. c6 Qc7 35. Bxe7 Qxe7 36. Qc3 Qc7 37. Nb5 1-0

[Event "Titled Tuesday 2024.10.08 Late"]
[Site "chess.com INT"]
[Date "2024.10.08"]
[Round "6"]
[White "Horak, Martin"]
[Black "Keleberda, Tymur"]
[Result "1-0"]
[WhiteElo "2362"]
[BlackElo "2269"]
[WhiteFideId "-1"]
[BlackFideId "-1"]
[PlyCount "52"]
[GameId "2129405224847251"]
[EventDate "2024.10.08"]
[EventType "swiss (blitz)"]
[EventRounds "11"]
[EventCountry "NET"]
[SourceTitle "The Week in Chess 1562"]
[Source "Mark Crowther"]
[SourceDate "2024.10.14"]
[SourceVersion "1"]
[SourceVersionDate "2024.10.14"]
[SourceQuality "2"]

1. e4 a6 2. d4 e6 3. Bd3 d5 4. exd5 exd5 5. Nf3 Nf6 6. Bg5 c5 7. Qe2+ Be6 8. Nc3 h6 9. Bxf6 Qxf6 10. Nxd5 Qd8 11. Nf4 Qb6 12. d5 Qb4+ 13. c3 Qxf4 14. dxe6 f6 15. Bg6+ Kd8 16. Rd1+ Kc7 17. e7 Bxe7 18. Qxe7+ Kb6 19. Qd6+ Qxd6 20. Rxd6+ Nc6 21. O-O Kc7 22. Rfd1 Nd4 23. Rd5 Ne2+ 24. Kf1 Nf4 25. Rd7+ Kb6 26. Be4 Ka7 1-0

[Event "Titled Tuesday 2024.10.01 Early"]
[Site "chess.com INT"]
[Date "2024.10.01"]
[Round "1"]
[White "Federzoni, Enzo"]
[Black "Keleberda, Tymur"]
[Result "1/2-1/2"]
[WhiteElo "2147"]
[BlackElo "2258"]
[WhiteFideId "-1"]
[BlackFideId "-1"]
[PlyCount "119"]
[GameId "2129405224464469"]
[EventDate "2024.10.01"]
[EventType "swiss (blitz)"]
[EventRounds "11"]
[EventCountry "NET"]
[SourceTitle "The Week in Chess 1561"]
[Source "Mark Crowther"]
[SourceDate "2024.10.07"]
[SourceVersion "1"]
[SourceVersionDate "2024.10.07"]
[SourceQuality "2"]

1. d4 a6 2. Nf3 e6 3. c3 d5 4. Bg5 Be7 5. Bxe7 Nxe7 6. Nbd2 O-O 7. Qc2 c5 8. dxc5 Qc7 9. b4 e5 10. e4 Nbc6 11. exd5 Nxd5 12. Bc4 Nf4 13. O-O a5 14. a3 Kh8 15. Rfe1 f6 16. h3 Ne7 17. Bf1 Bf5 18. Qb3 b6 19. cxb6 Qxb6 20. Nc4 Qb8 21. Nh4 Be6 22. Qc2 Rc8 23. Nxa5 Ra7 24. Rad1 Qa8 25. Rd6 Bd5 26. c4 g5 27. Nf5 Nxf5 28. Qxf5 Bxg2 29. Qxf6+ Rg7 30. Rd7 Rcg8 31. Red1 Bxf1 32. Qxg7+ Rxg7 33. Rd8+ Rg8 34. Rxa8 Rxa8 35. Kxf1 Nxh3 36. c5 Nf4 37. c6 Ne6 38. Rd6 Nd4 39. c7 Kg7 40. Rd8 Ra6 41. c8=Q Rf6 42. Qc7+ Kg6 43. Qxe5 Nf5 44. Ke1 Nh4 45. Qxf6+ Kxf6 46. Rd6+ Ke5 47. Rh6 Nf3+ 48. Ke2 Nd4+ 49. Kd3 Nb5 50. Rxh7 Nxa3 51. Nb3 Nb5 52. Nc5 Nd6 53. Rh6 Nf5 54. Rh8 Kd5 55. Kc3 g4 56. Rg8 g3 57. Rxg3 Nd6 58. Rg5+ Kc6 59. Rg6 Kb5 60. Rxd6 1/2-1/2

[Event "Titled Tuesday 2024.10.01 Early"]
[Site "chess.com INT"]
[Date "2024.10.01"]
[Round "2"]
[White "Keleberda, Tymur"]
[Black "Paquico Rodriguez, I."]
[Result "1-0"]
[WhiteElo "2258"]
[BlackElo "2183"]
[WhiteFideId "-1"]
[BlackFideId "-1"]
[PlyCount "139"]
[GameId "2129405224473017"]
[EventDate "2024.10.01"]
[EventType "swiss (blitz)"]
[EventRounds "11"]
[EventCountry "NET"]
[SourceTitle "The Week in Chess 1561"]
[Source "Mark Crowther"]
[SourceDate "2024.10.07"]
[SourceVersion "1"]
[SourceVersionDate "2024.10.07"]
[SourceQuality "2"]

1. Nf3 d6 2. d3 g6 3. g3 Bg7 4. Bg2 e5 5. h4 h6 6. e4 Ne7 7. c3 O-O 8. O-O Kh7 9. d4 Nbc6 10. dxe5 dxe5 11. Qc2 Be6 12. Rd1 Qc8 13. Be3 Bh3 14. Nbd2 Bxg2 15. Kxg2 Qg4 16. Nh2 Qe6 17. Qb3 Qc8 18. Qa3 b6 19. c4 f5 20. exf5 Nxf5 21. Ne4 Ncd4 22. Qd3 Qb7 23. Bxd4 Nxd4 24. Kg1 Rad8 25. Re1 Nf3+ 26. Qxf3 Rxf3 27. Nxf3 Rd3 28. Kg2 b5 29. c5 Qd5 30. Re2 Rd4 31. Rae1 Ra4 32. b3 Ra6 33. Rd2 Qf7 34. Neg5+ hxg5 35. Nxg5+ Kg8 36. Nxf7 Kxf7 37. Rd7+ Kf6 38. Re2 Rc6 39. b4 a5 40. a3 axb4 41. axb4 Bh6 42. g4 Bc1 43. Re4 Bb2 44. h5 gxh5 45. gxh5 Kg5 46. Rh7 Bd4 47. Rh8 Rh6 48. Rxh6 Kxh6 49. Rh4 Bc3 50. Kf3 Bd2 51. Ke4 Bxb4 52. Kd5 Be1 53. Rh2 Bc3 54. f3 Bd4 55. c6 b4 56. Kc4 b3 57. Kxb3 Bb6 58. Kc4 Bd4 59. Rh1 Bb6 60. Kd5 Bd4 61. Ke6 Bc3 62. Kd7 Ba5 63. Ra1 Bb6 64. Rb1 Ba5 65. Rb5 Bc3 66. Kxc7 Kxh5 67. Kd6 Kg6 68. Rxe5 Bb4+ 69. Ke6 Ba5 70. Rxa5 1-0

[Event "Titled Tuesday 2024.10.01 Early"]
[Site "chess.com INT"]
[Date "2024.10.01"]
[Round "3"]
[White "Xiong, Jeffery"]
[Black "Keleberda, Tymur"]
[Result "1-0"]
[WhiteElo "2646"]
[BlackElo "2258"]
[WhiteFideId "-1"]
[BlackFideId "-1"]
[PlyCount "177"]
[GameId "2129405224489765"]
[EventDate "2024.10.01"]
[EventType "swiss (blitz)"]
[EventRounds "11"]
[EventCountry "NET"]
[SourceTitle "The Week in Chess 1561"]
[Source "Mark Crowther"]
[SourceDate "2024.10.07"]
[SourceVersion "1"]
[SourceVersionDate "2024.10.07"]
[SourceQuality "2"]

1. e4 a6 2. d4 e6 3. Nf3 d5 4. Nc3 Nf6 5. Bg5 Be7 6. e5 Nfd7 7. h4 h6 8. Bxe7 Qxe7 9. Ne2 c5 10. c3 Nc6 11. Qd2 b5 12. Rh3 h5 13. Nf4 g6 14. Ng5 c4 15. Rf3 Nd8 16. Be2 Rb8 17. b4 a5 18. a3 Nb6 19. Bd1 Ra8 20. Qc1 axb4 21. axb4 Qb7 22. Bc2 Rxa1 23. Qxa1 Qa6 24. Qb2 Rh6 25. Kd2 Na4 26. Qa3 Nb6 27. Qxa6 Bxa6 28. Rh3 Bc8 29. f3 Nd7 30. g4 hxg4 31. fxg4 Kf8 32. Ke3 Kg7 33. Nf3 Rh8 34. Ne2 f6 35. exf6+ Nxf6 36. Ne5 g5 37. Ng1 Rxh4 38. Rxh4 gxh4 39. Kf4 Nf7 40. Nef3 e5+ 41. dxe5 Nxg4 42. Bf5 Bxf5 43. Kxf5 Ne3+ 44. Ke6 Nd1 45. Kd7 Nxe5+ 46. Nxe5 Nxc3 47. Nef3 Na2 48. Kd6 c3 49. Nxh4 c2 50. Ne2 d4 51. Nf5+ Kf6 52. Nfxd4 Nxb4 53. Nc1 Na6 54. Nxc2 b4 55. Nb3 Nb8 56. Ncd4 Kg5 57. Ne6+ Kf5 58. Nec5 Kf4 59. Kc7 Ke3 60. Kxb8 Kf4 61. Kc7 Ke5 62. Kc6 Kf5 63. Kd6 Kf4 64. Ke6 Ke3 65. Kf5 Kf3 66. Nd3 Ke3 67. Ne5 Ke2 68. Kf4 Kd1 69. Nd3 Kc2 70. Ndc5 Kc3 71. Ke3 Kc4 72. Ke4 Kc3 73. Kd5 Kc2 74. Kd4 Kd1 75. Kd3 Ke1 76. Ne4 Kd1 77. Nf2+ Ke1 78. Ke3 Kf1 79. Nd3 Kg2 80. Kf4 Kf1 81. Kf3 Kg1 82. Nf4 Kh2 83. Kf2 Kh1 84. Nh3 Kh2 85. Ng1 Kh1 86. Nd2 Kh2 87. Nf1+ Kh1 88. Nf3 b3 89. Ng3# 1-0

[Event "Titled Tuesday 2024.10.01 Early"]
[Site "chess.com INT"]
[Date "2024.10.01"]
[Round "4"]
[White "Estrada Nieto, Julian"]
[Black "Keleberda, Tymur"]
[Result "0-1"]
[WhiteElo "2204"]
[BlackElo "2258"]
[WhiteFideId "-1"]
[BlackFideId "-1"]
[PlyCount "70"]
[GameId "2129405224489940"]
[EventDate "2024.10.01"]
[EventType "swiss (blitz)"]
[EventRounds "11"]
[EventCountry "NET"]
[SourceTitle "The Week in Chess 1561"]
[Source "Mark Crowther"]
[SourceDate "2024.10.07"]
[SourceVersion "1"]
[SourceVersionDate "2024.10.07"]
[SourceQuality "2"]

1. e4 a6 2. d4 e6 3. Nf3 d5 4. Nbd2 c5 5. exd5 Qxd5 6. Bc4 Qd8 7. dxc5 Bxc5 8. O-O Nf6 9. Qe2 b5 10. Bd3 Bb7 11. a4 b4 12. Nb3 Bd6 13. Be3 O-O 14. a5 Nbd7 15. Rad1 Qc7 16. h3 Rfc8 17. Rfe1 Nd5 18. Bc1 N7f6 19. Ng5 Bh2+ 20. Kh1 Bf4 21. Ne4 Bxc1 22. Rxc1 Nd7 23. Ng5 h6 24. Nxe6 fxe6 25. Qxe6+ Kh8 26. Qg6 N7f6 27. f3 Nf4 28. Qf5 Nxd3 29. cxd3 Qd6 30. Rxc8+ Rxc8 31. Nd2 Qd5 32. Qf4 Qxd3 33. Re7 Nd5 34. Qe4 Qxe4 35. Rxe4 Rc2 0-1

[Event "Titled Tuesday 2024.10.01 Early"]
[Site "chess.com INT"]
[Date "2024.10.01"]
[Round "5"]
[White "Keleberda, Tymur"]
[Black "Malicka, Maria"]
[Result "1-0"]
[WhiteElo "2258"]
[BlackElo "2217"]
[WhiteFideId "-1"]
[BlackFideId "-1"]
[PlyCount "115"]
[GameId "2129405224506722"]
[EventDate "2024.10.01"]
[EventType "swiss (blitz)"]
[EventRounds "11"]
[EventCountry "NET"]
[SourceTitle "The Week in Chess 1561"]
[Source "Mark Crowther"]
[SourceDate "2024.10.07"]
[SourceVersion "1"]
[SourceVersionDate "2024.10.07"]
[SourceQuality "2"]

1. Nf3 d5 2. e3 g6 3. d4 Nf6 4. c4 c6 5. Bd3 Bg7 6. O-O O-O 7. Nc3 Bg4 8. h3 Bxf3 9. Qxf3 e6 10. Rd1 Nbd7 11. e4 dxe4 12. Nxe4 Nxe4 13. Qxe4 Nf6 14. Qe2 Qd6 15. Be3 Rfd8 16. Rd2 Rd7 17. Rad1 Rad8 18. Qf3 Qb4 19. a3 Qe7 20. b4 Ne8 21. Bc2 a6 22. Bb3 Qf6 23. Qg3 Qe7 24. d5 cxd5 25. cxd5 e5 26. d6 Qf8 27. Bb6 Nxd6 28. Bxd8 Qxd8 29. Qe3 Qf6 30. Rd5 Nf5 31. Rxd7 Nxe3 32. Rxf7 Qg5 33. Rd8+ Qxd8 34. Rd7+ Kf8 35. Rxd8+ Ke7 36. Rg8 Nf5 37. Rb8 Nd6 38. Bd5 b5 39. Ra8 e4 40. Rxa6 Bb2 41. Kf1 Bd4 42. Ke2 Kd7 43. f3 exf3+ 44. Bxf3 Nc4 45. Ra8 Kd6 46. a4 bxa4 47. Rxa4 Bc3 48. Ra6+ Ke5 49. b5 Bd4 50. Ra8 Kd6 51. Rd8+ Kc5 52. Rd5+ Kb4 53. Rxd4 Kxb5 54. Rh4 h5 55. Bxh5 g5 56. Rg4 Nd6 57. Rxg5+ Kc4 58. Bf7+ 1-0

[Event "Titled Tuesday 2024.10.01 Early"]
[Site "chess.com INT"]
[Date "2024.10.01"]
[Round "6"]
[White "Keleberda, Tymur"]
[Black "Sonis, Francesco"]
[Result "0-1"]
[WhiteElo "2258"]
[BlackElo "2554"]
[WhiteFideId "-1"]
[BlackFideId "-1"]
[PlyCount "136"]
[GameId "2129405224515214"]
[EventDate "2024.10.01"]
[EventType "swiss (blitz)"]
[EventRounds "11"]
[EventCountry "NET"]
[SourceTitle "The Week in Chess 1561"]
[Source "Mark Crowther"]
[SourceDate "2024.10.07"]
[SourceVersion "1"]
[SourceVersionDate "2024.10.07"]
[SourceQuality "2"]

1. Nf3 c5 2. c4 b6 3. g3 Bb7 4. Bg2 Nf6 5. O-O g6 6. e3 Bg7 7. d4 cxd4 8. exd4 d5 9. Ne5 Qc8 10. cxd5 Bxd5 11. Bxd5 Nxd5 12. Qf3 Qe6 13. Nc3 Nc7 14. Re1 O-O 15. Bf4 Qc8 16. Nd5 Nxd5 17. Qxd5 Na6 18. Nc6 e6 19. Qb5 Qb7 20. Bd6 Rfc8 21. Ne7+ Kh8 22. Nxc8 Rxc8 23. Rac1 Rd8 24. Be5 Bxe5 25. Qxe5+ Kg8 26. Qf6 Qd7 27. h4 Qxd4 28. Qxd4 Rxd4 29. Red1 Rb4 30. b3 Nc5 31. Rd8+ Kg7 32. Ra8 a5 33. Rd1 a4 34. bxa4 Nxa4 35. Ra7 Nc5 36. Rd8 Rb1+ 37. Kg2 Rb2 38. Rd4 e5 39. Rd5 Kf6 40. Rd6+ Kg7 41. Kf3 Rxf2+ 42. Kxf2 Ne4+ 43. Kg2 Nxd6 44. Rc7 b5 45. Rc6 Ne4 46. Rb6 Nc3 47. a3 Kf8 48. Kf1 Ke7 49. Ke1 h5 50. Rc6 Nb1 51. Ra6 e4 52. Ke2 f5 53. Ke3 Kf7 54. a4 bxa4 55. Rxa4 Nc3 56. Ra5 Ke6 57. Ra6+ Kf7 58. Kd4 Ne2+ 59. Ke5 Nxg3 60. Ra7+ Ke8 61. Kf6 f4 62. Kxg6 e3 63. Kf6 e2 64. Re7+ Kd8 65. Re5 f3 66. Ke6 f2 67. Kd6 e1=Q 68. Rxe1 fxe1=Q 0-1

[Event "Titled Tuesday 2024.09.24 Early"]
[Site "Chess.com INT"]
[Date "2024.09.24"]
[Round "3"]
[White "Keleberda, Tymur"]
[Black "Goriatchkin, Jouri"]
[Result "0-1"]
[WhiteElo "2258"]
[BlackElo "2318"]
[WhiteFideId "-1"]
[BlackFideId "-1"]
[PlyCount "80"]
[GameId "2107989760921294"]
[EventDate "2024.09.24"]
[EventType "swiss (blitz)"]
[EventRounds "11"]
[EventCountry "NET"]
[SourceTitle "EXT 2025"]
[Source "ChessBase"]
[SourceDate "2024.10.14"]
[SourceVersion "1"]
[SourceVersionDate "2024.10.14"]
[SourceQuality "1"]

1. Nf3 d5 2. e3 Nf6 3. b3 Bg4 4. Bb2 c6 5. Be2 e6 6. Ne5 Bxe2 7. Qxe2 Nbd7 8. f4 Bd6 9. O-O O-O 10. d3 Qc7 11. Nxd7 Nxd7 12. Nd2 e5 13. f5 f6 14. Kh1 e4 15. dxe4 Bxh2 16. exd5 cxd5 17. Qh5 Be5 18. Bxe5 Qxe5 19. Rae1 Rfe8 20. Rf3 Nf8 21. Rh3 Rac8 22. c4 Qc3 23. Re2 dxc4 24. Nxc4 Rc5 25. Qg4 Qd3 26. Rg3 Re7 27. Rd2 Qxf5 28. Qd4 Rd7 29. Qb2 Rxd2 30. Qxd2 Qd5 31. Qf2 b5 32. e4 Qd1+ 33. Kh2 Rh5+ 34. Rh3 bxc4 35. bxc4 Qd6+ 36. Kg1 Rxh3 37. gxh3 Qb6 38. c5 Qc6 39. Qd4 Ne6 40. Qc4 Qxc5+ 0-1

[Event "Titled Tuesday 2024.09.24 Early"]
[Site "chess.com INT"]
[Date "2024.09.24"]
[Round "1"]
[White "Yonal, Timur"]
[Black "Keleberda, Tymur"]
[Result "1-0"]
[WhiteElo "2146"]
[BlackElo "2258"]
[WhiteFideId "-1"]
[BlackFideId "-1"]
[PlyCount "85"]
[GameId "2130307536448491"]
[EventDate "2024.09.24"]
[EventType "swiss (blitz)"]
[EventRounds "11"]
[EventCountry "NET"]
[SourceTitle "The Week in Chess 1560"]
[Source "Mark Crowther"]
[SourceDate "2024.09.30"]
[SourceVersion "1"]
[SourceVersionDate "2024.09.30"]
[SourceQuality "2"]

1. e4 a6 2. d4 e6 3. Nf3 d5 4. exd5 exd5 5. Bd3 Bd6 6. O-O h6 7. Re1+ Ne7 8. h3 O-O 9. Nbd2 Bf5 10. Nf1 Nd7 11. c3 b5 12. Ne3 Be4 13. Ng4 Re8 14. Nge5 Ng6 15. Bxe4 dxe4 16. Rxe4 Ndxe5 17. dxe5 Nxe5 18. Nxe5 Bxe5 19. Qe2 Qd7 20. Rxe5 Rxe5 21. Qxe5 Re8 22. Qd4 Re1+ 23. Kh2 Qe6 24. b3 c5 25. Qd8+ Kh7 26. Qd3+ g6 27. Bb2 Qe5+ 28. g3 Rxa1 29. Bxa1 Qe1 30. Qf3 Qxa1 31. Qxf7+ Kh8 32. Qf8+ Kh7 33. Qxc5 Qxa2 34. Qe7+ Kh8 35. Qf6+ Kh7 36. c4 Qxb3 37. c5 Qc4 38. c6 b4 39. Qe7+ Kg8 40. c7 b3 41. Qd8+ Kf7 42. c8=Q Qxc8 43. Qxc8 1-0

[Event "Titled Tuesday 2024.09.24 Early"]
[Site "chess.com INT"]
[Date "2024.09.24"]
[Round "2"]
[White "Keleberda, Tymur"]
[Black "Yunker, Alisa Genrietta"]
[Result "0-1"]
[WhiteElo "2258"]
[BlackElo "1872"]
[WhiteFideId "-1"]
[BlackFideId "-1"]
[PlyCount "76"]
[GameId "2130307536448538"]
[EventDate "2024.09.24"]
[EventType "swiss (blitz)"]
[EventRounds "11"]
[EventCountry "NET"]
[SourceTitle "The Week in Chess 1560"]
[Source "Mark Crowther"]
[SourceDate "2024.09.30"]
[SourceVersion "1"]
[SourceVersionDate "2024.09.30"]
[SourceQuality "2"]

1. Nf3 c6 2. e4 d5 3. d3 dxe4 4. dxe4 Qxd1+ 5. Kxd1 Bg4 6. Nbd2 Nd7 7. h3 Bxf3+ 8. Nxf3 e5 9. Bd3 O-O-O 10. Ke2 f6 11. Be3 Bc5 12. a3 Bxe3 13. Kxe3 Ne7 14. g4 g5 15. h4 h6 16. Bc4 Nc5 17. b4 Na4 18. Be6+ Kc7 19. Rh2 Nc3 20. Rah1 Nd1+ 21. Ke2 Nc3+ 22. Ke3 Nd1+ 23. Ke2 Nc3+ 24. Kf1 Rd1+ 25. Kg2 Rxh1 26. Rxh1 Ng6 27. Bf5 Nf4+ 28. Kg3 Nce2+ 29. Kh2 Rd8 30. Re1 Nd4 31. Nxd4 Rxd4 32. hxg5 hxg5 33. Kg3 Rd2 34. Rh1 Rxc2 35. Rh6 Rc3+ 36. f3 Rxa3 37. Rxf6 Ra2 38. Rf7+ Kb6 0-1

[Event "Titled Tuesday 2024.09.24 Early"]
[Site "chess.com INT"]
[Date "2024.09.24"]
[Round "4"]
[White "Jimenez Salas, Maria Teresa"]
[Black "Keleberda, Tymur"]
[Result "1-0"]
[WhiteElo "1995"]
[BlackElo "2258"]
[WhiteFideId "-1"]
[BlackFideId "-1"]
[PlyCount "81"]
[GameId "2130307536456970"]
[EventDate "2024.09.24"]
[EventType "swiss (blitz)"]
[EventRounds "11"]
[EventCountry "NET"]
[SourceTitle "The Week in Chess 1560"]
[Source "Mark Crowther"]
[SourceDate "2024.09.30"]
[SourceVersion "1"]
[SourceVersionDate "2024.09.30"]
[SourceQuality "2"]

1. e4 a6 2. d4 e6 3. Nc3 d5 4. Nf3 Nf6 5. Bg5 Be7 6. e5 Nfd7 7. Bxe7 Qxe7 8. Bd3 c5 9. dxc5 Nc6 10. Qe2 Nxc5 11. O-O-O b5 12. Qe3 Bd7 13. Ne2 Nxd3+ 14. cxd3 O-O 15. Nfd4 Rfc8 16. Nxc6 Rxc6+ 17. Kb1 a5 18. Rc1 Rca6 19. f4 Qd8 20. Rc2 b4 21. Rhc1 b3 22. axb3 a4 23. b4 a3 24. b3 a2+ 25. Ka1 Ra3 26. d4 Bb5 27. Nc3 Rxb3 28. Qd2 Bc4 29. Rb2 Rba3 30. b5 Qb6 31. Qc2 Qxd4 32. b6 Rb8 33. b7 Qxf4 34. Nb5 Ra6 35. Nd6 Qxe5 36. Nxc4 g6 37. Nxe5 Ra7 38. Nd7 Rbxb7 39. Rxb7 Ra3 40. Qc8+ Kg7 41. Qf8# 1-0

[Event "Titled Tuesday 2024.09.24 Late"]
[Site "Chess.com INT"]
[Date "2024.09.24"]
[Round "1"]
[White "Buker, Muhittin"]
[Black "Keleberda, Tymur"]
[Result "1/2-1/2"]
[WhiteElo "1929"]
[BlackElo "2258"]
[WhiteFideId "-1"]
[BlackFideId "-1"]
[PlyCount "258"]
[GameId "2107989761017807"]
[EventDate "2024.09.24"]
[EventType "swiss (blitz)"]
[EventRounds "11"]
[EventCountry "NET"]
[SourceTitle "EXT 2025"]
[Source "ChessBase"]
[SourceDate "2024.10.14"]
[SourceVersion "1"]
[SourceVersionDate "2024.10.14"]
[SourceQuality "1"]

1. d4 Nf6 2. c4 a6 3. g3 e6 4. Bg2 d5 5. c5 b6 6. cxb6 cxb6 7. Nf3 Nbd7 8. O-O a5 9. Nc3 Ba6 10. a4 Bb4 11. Bg5 h6 12. Bxf6 Nxf6 13. Rc1 O-O 14. Ne5 Rc8 15. Nd3 Bxc3 16. Rxc3 Rxc3 17. bxc3 Ne8 18. Ne5 Nd6 19. Qb3 Nc4 20. Nxc4 Bxc4 21. Qb2 Qd7 22. Ra1 Rb8 23. e4 b5 24. axb5 Rxb5 25. Qd2 Qa7 26. exd5 exd5 27. Qe3 Rb8 28. Qe5 a4 29. Bxd5 Bxd5 30. Qxd5 a3 31. Qa2 Qa5 32. Kg2 Qxc3 33. Qxa3 Qxd4 34. Re1 g6 35. Qf3 Kg7 36. Re7 Qc4 37. Qe4 Qxe4+ 38. Rxe4 Rb5 39. Ra4 h5 40. h4 Rb2 41. Ra6 Rb7 42. Rc6 Re7 43. Rd6 Rc7 44. Rb6 Kf8 45. Ra6 Ke7 46. Rb6 Rc5 47. Ra6 Rb5 48. Rc6 Ra5 49. Rb6 Ra7 50. Kf3 Ra1 51. Rc6 Rg1 52. Rc7+ Kf6 53. Rc6+ Kg7 54. Rc7 Re1 55. Ra7 Re6 56. Kg2 Rc6 57. Kf3 Kf6 58. Ra5 Ke6 59. Rb5 f6 60. Ra5 Rd6 61. Rb5 Rd3+ 62. Ke2 Rd5 63. Rb6+ Kf5 64. Kf3 Rd3+ 65. Kg2 Rd5 66. Rb4 Ra5 67. Rf4+ Ke5 68. Rb4 g5 69. hxg5 fxg5 70. Rc4 Kf5 71. Rb4 Rd5 72. Rc4 Ke5 73. Rb4 Rc5 74. Rb8 Rc4 75. Rh8 h4 76. gxh4 gxh4 77. Kh3 Rf4 78. Rh5+ Kf6 79. Rxh4 Rxf2 80. Ra4 Rb2 81. Ra6+ Kf5 82. Ra5+ Kf4 83. Ra4+ Kf3 84. Ra8 Rb3 85. Rf8+ Ke4+ 86. Kg4 Rb1 87. Re8+ Kd5 88. Rd8+ Ke5 89. Re8+ Kf6 90. Ra8 Rb4+ 91. Kf3 Ke5 92. Ke3 Rb3+ 93. Kd2 Rh3 94. Ra5+ Kd4 95. Ra4+ Kc5 96. Ra5+ Kc4 97. Ra4+ Kb3 98. Rg4 Rh2+ 99. Ke3 Rh1 100. Kd4 Rd1+ 101. Kc5 Ra1 102. Rg3+ Kc2 103. Rg2+ Kd3 104. Rg3+ Ke4 105. Rg4+ Ke5 106. Rg2 Rc1+ 107. Kb4 Kd6 108. Kb3 Rc8 109. Rd2+ Ke5 110. Re2+ Kd4 111. Rd2+ Ke3 112. Rd7 Rb8+ 113. Kc4 Re8 114. Kb5 Re5+ 115. Kc6 Ke4 116. Rd1 Ra5 117. Kb6 Rg5 118. Kc6 Rg6+ 119. Kb5 Ke3 120. Rd8 Rg7 121. Kc6 Re7 122. Kd6 Re4 123. Rd7 Ra4 124. Re7+ Kd4 125. Rb7 Ra6+ 126. Ke7 Rh6 127. Rb1 Ke3 128. Kf7 Ke4 129. Kg7 Rc6 1/2-1/2

[Event "Titled Tuesday 2024.09.24 Late"]
[Site "Chess.com INT"]
[Date "2024.09.24"]
[Round "3"]
[White "Chigaev, Maksim"]
[Black "Keleberda, Tymur"]
[Result "1-0"]
[WhiteElo "2624"]
[BlackElo "2258"]
[WhiteFideId "-1"]
[BlackFideId "-1"]
[PlyCount "131"]
[GameId "2107989761034663"]
[EventDate "2024.09.24"]
[EventType "swiss (blitz)"]
[EventRounds "11"]
[EventCountry "NET"]
[SourceTitle "EXT 2025"]
[Source "ChessBase"]
[SourceDate "2024.10.14"]
[SourceVersion "1"]
[SourceVersionDate "2024.10.14"]
[SourceQuality "1"]

1. e4 a6 2. d4 e6 3. Nf3 d5 4. e5 c5 5. c3 Nc6 6. Bd3 Bd7 7. O-O cxd4 8. cxd4 Qb6 9. Be2 Rc8 10. Nc3 Nge7 11. Na4 Qa7 12. Be3 Nf5 13. Rc1 b5 14. Nc5 Ncxd4 15. Nxd7 Rxc1 16. Bxc1 Nxe2+ 17. Qxe2 Qxd7 18. g4 Ne7 19. h4 Nc6 20. h5 h6 21. Bf4 Be7 22. Rc1 Qb7 23. Qd2 Kd7 24. Bg3 Rc8 25. Qf4 Nd8 26. Rd1 Rc4 27. Nd4 Qb6 28. b3 Bg5 29. bxc4 Bxf4 30. c5 Qxc5 31. Bxf4 Nc6 32. Nxc6 Qxc6 33. Rc1 Qb6 34. Be3 Qa5 35. Kg2 Qxa2 36. Bb6 Qc4 37. Rxc4 dxc4 38. Kf3 b4 39. Ba5 b3 40. Bc3 a5 41. Ke4 a4 42. Bb2 c3 43. Bxc3 a3 44. Kd3 Kc6 45. Bb4 a2 46. Bc3 Kc5 47. f4 Kd5 48. Bb2 Kc5 49. Bd4+ Kd5 50. Bc3 Kc5 51. Bb2 Kb4 52. Kd4 Kb5 53. Kc3 Kc5 54. Kxb3 Kd5 55. f5 Ke4 56. f6 gxf6 57. exf6 Kf4 58. Kxa2 Kxg4 59. Kb3 Kxh5 60. Kc4 Kg4 61. Kc5 h5 62. Kd6 Kf5 63. Ke7 h4 64. Bd4 Kg6 65. Be5 h3 66. Bh2 1-0

[Event "Titled Tuesday 2024.09.24 Late"]
[Site "Chess.com INT"]
[Date "2024.09.24"]
[Round "5"]
[White "Grigorov, Grigor"]
[Black "Keleberda, Tymur"]
[Result "1-0"]
[WhiteElo "2514"]
[BlackElo "2258"]
[WhiteFideId "-1"]
[BlackFideId "-1"]
[PlyCount "47"]
[GameId "2107989761055602"]
[EventDate "2024.09.24"]
[EventType "swiss (blitz)"]
[EventRounds "11"]
[EventCountry "NET"]
[SourceTitle "EXT 2025"]
[Source "ChessBase"]
[SourceDate "2024.10.14"]
[SourceVersion "1"]
[SourceVersionDate "2024.10.14"]
[SourceQuality "1"]

1. d4 a6 2. e4 e6 3. Nf3 d5 4. exd5 exd5 5. Bd3 Bd6 6. O-O h6 7. c4 dxc4 8. Bxc4 Ne7 9. Qb3 O-O 10. Ne5 Bxe5 11. dxe5 Qd4 12. Re1 Nbc6 13. Qc3 Be6 14. Bf1 Nd5 15. Qg3 Kh8 16. Nc3 Nxc3 17. bxc3 Qc5 18. Bxh6 gxh6 19. Qh4 Rad8 20. Qxh6+ Kg8 21. Qg5+ Kh8 22. Re4 Bf5 23. Qxf5 Ne7 24. Rh4+ 1-0